| 000 | 00516nam a2200181Ia 4500 | ||
|---|---|---|---|
| 999 |
_c32973 _d32973 |
||
| 003 | OSt | ||
| 005 | 20200825114241.0 | ||
| 008 | 190216s9999||||xx |||||||||||||| ||und|| | ||
| 040 | _coclc | ||
| 082 |
_a530.076 _bMAT/E |
||
| 100 |
_aMathur, D S _9421 |
||
| 245 | 0 |
_aElements of Properties Of Matter / _cD S Mathur |
|
| 250 | _a10th Ed. | ||
| 260 |
_bShyamlal Charitable Trust, _c1983. _aNew Delhi: |
||
| 300 | _a615p | ||
| 650 | _aPhysics | ||
| 942 |
_cBK _2ddc _h530.076 _iMAT/E _k530.076 _mMAT/E |
||